000 00288nam a2200109Ia 4500
008 200302s9999 xx 000 0 und d
100 _aKaiwan Mehta
245 _aAlice in bhuleshwar navigting a Mumbai neighbourhood
260 _bYouda Press Publishing
260 _c2009
300 _a175 P.,
999 _c5409
_d5409